000 00919na a2200265 4500
001 24083
003 MIRAKIL
005 20181213155329.0
008 180321b tu 000 0
020 _a9751605598
040 _aMilas
_btur
_cTR-AnCHP
041 _atur
082 _a956.101542
_bS39t 1994
090 _a956.101542 S39t 1994
100 _aSeyitdanlıoğlu, Mehmet
245 _aTanzimat devrinde meclis-i vala (1838-1868)
_cMehmet Seyitdanlıoğlu
260 _aAnkara
_bAtatürk Kültür Dil ve Tarih Yüksek Kurumu Türk Tarih Kurumu
_c1994
300 _a227 s.
_bfotğ.
_c23 sm.
440 _aAtatürk Kültür Dil ve Tarih Yüksek Kurumu Türk Tarih Kurumu yayınları
_vVII. dizi- Sa. 149
504 _aKaynakça ve dizin var.
650 _aHukuk reformu
_xTürkiye
_xTarih
650 _aTanzimat devri
_xMeclisi Vala
650 _aTürkiye
_xSiyaset ve yönetim
_y19. yy.
942 _2ddc
_cBKS
999 _c10643
_d10643